Catálogo público

Identificación de los hongos comestibles, venenosos, alucinantes y destructores de la madera / (Record no. 204464)

MARC details
000 -CABECERA
campo de control de longitud fija 00779nam a2200277Ia 4500
001 - NÚMERO DE CONTROL
campo de control Para_1585
003 - IDENTIFICADOR DEL NÚMERO DE CONTROL
campo de control CHAP
008 - DATOS DE LONGITUD FIJA--INFORMACIÓN GENERAL
campo de control de longitud fija 220125s1977 xx 000 0 und d
010 ## - NÚMERO DE CONTROL DE LA BIBLIOTECA DEL CONGRESO
Número de control de LC 204464
040 ## - FUENTE DE LA CATALOGACIÓN
Centro/agencia transcriptor CHAP
082 ## - NÚMERO DE LA CLASIFICACIÓN DECIMAL DEWEY
Número de clasificación PA 589.2 G8
100 ## - ENTRADA PRINCIPAL--NOMBRE DE PERSONA
Nombre de persona Guzmán, Gastón
9 (RLIN) 52040
245 ## - MENCIÓN DE TÍTULO
Título Identificación de los hongos comestibles, venenosos, alucinantes y destructores de la madera /
Mención de responsabilidad, etc. por Gastón Guzmán
260 ## - PUBLICACIÓN, DISTRIBUCIÓN, ETC.
Lugar de publicación, distribución, etc. México, D.F. :
Nombre del editor, distribuidor, etc. Limusa
300 ## - DESCRIPCIÓN FÍSICA
Extensión 452 p.
650 ## - PUNTO DE ACCESO ADICIONAL DE MATERIA--TÉRMINO DE MATERIA
Término de materia o nombre geográfico como elemento de entrada Hongos alucinogenos
9 (RLIN) 56123
650 ## - PUNTO DE ACCESO ADICIONAL DE MATERIA--TÉRMINO DE MATERIA
Término de materia o nombre geográfico como elemento de entrada Hongos venenosos
9 (RLIN) 56138
650 ## - PUNTO DE ACCESO ADICIONAL DE MATERIA--TÉRMINO DE MATERIA
Término de materia o nombre geográfico como elemento de entrada Setas
9 (RLIN) 105368
901 ## - ELEMENTOS DE DATOS A LOCAL LDA (RLIN)
a PA 589.2 G8
902 ## - ELEMENTOS DE DATOS B LOCAL, LDB (RLIN)
a A
905 ## - ELEMENTOS DE DATOS E LOCAL, LDE (RLIN)
a 0000001977 a 0000000000 00
910 ## - DATOS DE OPCIÓN DEL USUARIO (OCLC)
Datos de opción del usuario 1977
942 ## - ELEMENTOS DE PUNTO DE ACCESO ADICIONAL (KOHA)
Tipo de ítem Koha Parasitologia_
942 ## - ELEMENTOS DE PUNTO DE ACCESO ADICIONAL (KOHA)
Tipo de ítem Koha Parasitologia_
-- 1
Holdings
Estado de retiro Estado de pérdida Fuente del sistema de clasificación o colocación Estado dañado Restricciones de uso No para préstamo Código de colección Localización permanente Ubicación/localización actual Fecha de adquisición Información codificada de la localización en otra ubicación Número de inventario Total de préstamos Signatura topográfica completa Código de barras Fecha visto por última vez Fecha del último préstamo Número de copia Precio válido a partir de Tipo de ítem Koha Nota pública
    Dewey Decimal Classification   Préstamo 3 días   General Parasitologia Agricola Parasitologia Agricola 27/10/2005 PARA (PA_5442) (No. UACh C/E) 2 PA 589.2 G8 4102000649 05/12/2025 05/12/2025 Ej.2 25/01/2022 Libro 3
    Dewey Decimal Classification   Préstamo interno   General Parasitologia Agricola Parasitologia Agricola 27/10/2005 PARA (PA_7297) (No. UACh C/E)   PA 589.2 G8 4102000648 25/01/2022   Ej.1 25/01/2022 Libro 3